000 00334nam a2200145Ia 4500
100 _aSundaram/C.V/ Krishnan/L.V
650 _aGeneral
942 _cBK
654 _aatomic
245 _aAtomic Energy in India 50 Years
260 _bGovt of India
_aNew Delhi
_c1998
082 _a333.7932
_bSUN
300 _a277
546 _aENGLISH
999 _c23166
_d23166